សិក្សាការគ្រប់គ្រងប្រព័ន្ធស្រោចស្រពនៅមណ្ឌលស្រែអំបិល (Record no. 229)

000 -LEADER
fixed length control field 00519nam a22001577a 4500
003 - CONTROL NUMBER IDENTIFIER
control field OSt
005 - DATE AND TIME OF LATEST TRANSACTION
control field 20150910143842.0
008 - FIXED-LENGTH DATA ELEMENTS--GENERAL INFORMATION
fixed length control field 150910b xxu||||| |||| 00| 0 eng d
040 ## - CATALOGING SOURCE
Transcribing agency RUA
082 ## - DEWEY DECIMAL CLASSIFICATION NUMBER
Classification number AGR សៅ​ 1994 B010 Or.1
100 ## - MAIN ENTRY--PERSONAL NAME
9 (RLIN) 245
Personal name សៅ រ៉ា
245 ## - TITLE STATEMENT
Title សិក្សាការគ្រប់គ្រងប្រព័ន្ធស្រោចស្រពនៅមណ្ឌលស្រែអំបិល
260 ## - PUBLICATION, DISTRIBUTION, ETC. (IMPRINT)
Place of publication, distribution, etc. Phnom Penh
Name of publisher, distributor, etc. RUA
Date of publication, distribution, etc. 1994
300 ## - PHYSICAL DESCRIPTION
Extent 86p.
Other physical details ill.
Dimensions 29cm.
942 ## - ADDED ENTRY ELEMENTS (KOHA)
Source of classification or shelving scheme
Koha item type AGR

No items available.

មជ្ឈមណ្ឌលឯការនៃសាកលវិទ្យាល័យភូមិន្ទកសិកម្មចំការដូង

Powered by Koha